000 00341nam a2200145Ia 4500
008 220204s9999 xx 000 0 und d
082 _a612.39
_bFIS
100 _aBender, Arnold E
245 0 _aValue of food
250 _a2
260 _aOxford
_bOxford University
_c1970
650 _aNutrition
700 _aFisher, Patly
942 _cBK
999 _c24093
_d24093